000 00288 a2200133 4500
005 20250702072308.0
020 _a0-701-16719-x
082 _a658 RIC
100 _aRICE, A.
245 _aBlood and Gold,
260 _aLondon,
_bBritain,
_c2001.
300 _a471p,
_c24cm.
942 _2ddc
_cBKS
999 _c6534
_d6534